| 000 | 01269cab a2200445 4500 | ||
|---|---|---|---|
| 001 | X91148 | ||
| 008 | 090401t1998 xxu||||| |||| 00| 0 eng d | ||
| 035 | _a(Sirsi) u85614 | ||
| 041 | _aeng | ||
| 245 | _aFocus `98: Hertfordshire | ||
| 260 | _c1998 | ||
| 350 | _a0 | ||
| 490 |
_aEstates Gazette _v(9815) 11 April 1998, 73-109(16) |
||
| 650 | _aBERKHAMPSTED | ||
| 650 | _aBISHOPS STORTFORD | ||
| 650 | _aBUSINESS PARKS | ||
| 650 | _aDISTRIBUTION MARKET | ||
| 650 | _aGREEN BELT DEVELOPMENT | ||
| 650 | _aHATFIELD | ||
| 650 | _aHEMEL HEMPSTEAD | ||
| 650 | _aHERTFORDSHIRE | ||
| 650 | _aINDUSTRIAL MARKET | ||
| 650 | _aINDUSTRIAL SPACE | ||
| 650 |
_aLand use _96251 |
||
| 650 | _aPROPERTY-COMMERCIAL PROPERTY-OFFICE PROPERTY-OFFICE PROPERTY MARKET | ||
| 650 | _aPLANNING ISSUES | ||
| 650 | _aPROPERTY-COMMERCIAL PROPERTY-RETAIL PROPERTY-RETAIL PROPERTY MARKET | ||
| 650 | _aSECONDHAND MARKET | ||
| 650 | _aSEQUENTIAL TESTING | ||
| 650 | _aSHOPPING CENTRES | ||
| 650 | _aSPECULATIVE DEVELOPMENT | ||
| 650 | _aST ALBANS | ||
| 650 | _aSTEVENAGE | ||
| 650 | _aWAREHOUSE MARKET | ||
| 650 | _aWATFORD | ||
| 650 | _aWELWYN | ||
| 690 | _aPROPERTY-COMMERCIAL PROPERTY-COMMERCIAL PROPERTY MARKET | ||
| 942 | _n0 | ||
| 948 | _c16/04/1998 | ||
| 999 |
_c53839 _d53839 |
||